| 000 | nam a22 7a 4500 | ||
|---|---|---|---|
| 999 |
_c330163 _d330163 |
||
| 003 | NUST | ||
| 005 | 20170612113514.0 | ||
| 008 | 170612b xxu||||| |||| 00| 0 eng d | ||
| 020 | _a8123908857 | ||
| 040 | _c0 | ||
| 082 | _a570.285 RAS | ||
| 100 |
_aRastogi,S.C _92439 |
||
| 245 |
_aBioinformatics: _bConcepts,Skills & Applications _cS.C.Rastogi |
||
| 260 |
_aNew Delhi _bCBS Publishers _c2004 |
||
| 300 | _a352p. | ||
| 500 | _aP.B | ||
| 942 |
_2ddc _cBK _k570.285 RAS |
||